"In Chören gegenwärtig" : Funktionen des hohen Tons bei Hölderlin und Celan /

Die Studie unternimmt den Versuch, Friedrich Hölderlin und Paul Celan auf neue Weise ins Gespräch miteinander zu bringen, indem sie den hohen Ton systematisch unter der Perspektive einer poetischen Praxis des Funktionalisierens entfaltet und diesen als strukturelle Gemeinsamkeit im Arbeits- und Schr...

وصف كامل

محفوظ في:

المؤلف الرئيسي: Janz, Nina (مؤلف)

التنسيق: كتاب الكتروني

اللغة: English
German

منشور في: Paderborn : Ferdinand Schöningh, Brill | Fink, 2025.

سلاسل: Hölderlin-Forschungen ; 6.
Schöningh and Fink Literature and Culture Studies E-Books Online, Collection 2025.

الموضوعات:

الوصول للمادة أونلاين: Login to view Source

الوسوم: إضافة وسم

لا توجد وسوم, كن أول من يضع وسما على هذه التسجيلة!

رقم الطلب: PT363.P6

LEADER 02571nam a22004938i 4500
001 BRILL9783846769768
003 nllekb
005 20250915080727.0
006 m d
007 cr un uuuua
008 250731s2025 gw sb 001 0 eng d
020 |a 9783846769768  |q (electronic book) 
020 |z 9783770569762  |q (print) 
024 7 |a 10.30965/9783846769768  |2 DOI 
035 |z (OCoLC)1518693938 
040 |a NL-LeKB  |c NL-LeKB  |e rda 
041 |a ger 
050 4 |a PT363.P6 
072 7 |a DSC  |2 bicssc 
072 7 |a LIT  |x 014000  |2 bisacsh 
072 7 |a POE  |x 008000  |2 bisacsh 
082 0 4 |a 830  |2 23 
100 1 |a Janz, Nina,  |e author. 
245 1 0 |a "In Chören gegenwärtig" :  |b Funktionen des hohen Tons bei Hölderlin und Celan /  |c Nina Janz. 
246 3 |a Funktionen des hohen Tons bei Hölderlin und Celan 
264 1 |a Paderborn :  |b Ferdinand Schöningh, Brill | Fink,  |c 2025. 
264 4 |c ©2025 
300 |a 1 online resource (400 pages) :  |b illustrations. 
336 |a text  |b txt  |2 rdacontent 
337 |a computer  |b c  |2 rdamedia 
338 |a online resource  |2 rdacarrier 
490 1 |a Hölderlin-Forschungen ;  |v 6 
490 1 |a Schöningh and Fink Literature and Culture Studies E-Books Online, Collection 2025 
504 |a Includes bibliographical references and index. 
520 |a Die Studie unternimmt den Versuch, Friedrich Hölderlin und Paul Celan auf neue Weise ins Gespräch miteinander zu bringen, indem sie den hohen Ton systematisch unter der Perspektive einer poetischen Praxis des Funktionalisierens entfaltet und diesen als strukturelle Gemeinsamkeit im Arbeits- und Schreibprozess der beiden Dichter begreift. In differenzierten Lektüren der poesietheoretischen Texte Hölderlins wie Celans einerseits sowie der "Gesänge" und der "Niemandsrose" andererseits zeichnet Nina Janz nach, inwiefern sich die beiden Dichter gerade in der je eigenen Auseinandersetzung mit den Bedingungen und Möglichkeiten des hohen Tons als poetische Dialogpartner erweisen. 
546 |a German 
588 |a Description based on print version record. 
650 0 |a Literature and Cultural Studies. 
776 0 8 |i Print version:  |t "In Chören gegenwärtig" : Funktionen des hohen Tons bei Hölderlin und Celan.  |d Paderborn : Ferdinand Schöningh, Brill | Fink, 2025.  |z 9783770569762 
830 0 |a Hölderlin-Forschungen ;  |v 6. 
830 0 |a Schöningh and Fink Literature and Culture Studies E-Books Online, Collection 2025. 
856 4 |z DOI:   |u http://dx.doi.org/10.30965/9783846769768 
942 |2 lcc  |c EBOOK 
999 |c 61240  |d 61240